000 00385nam a2200145Ia 4500
008 210210b1976 xxu||||| |||| 00| 0 eng d
020 _a0 697 07531 1
082 _a301 BROU
100 _aBROWN COMPANY PUBLISHERS.
245 _aUrban life: diversity and Inequality.
260 _aUSA
_bWM C Brown co. publishers
_c1976
300 _avi,58
690 _aSociology
906 _aSG02282
999 _c113481
_d113481